La réponse est à l'envers - Statistiques

Statistiques générales
  • Ce quiz a été pris 147 fois
  • Le résultat moyen est 10 sur 15
Statistiques - réponses
Mot toM % Correct
Mer reM
100%
Lys syL
100%
Lune enuL
99%
Rose esoR
99%
Étoile eliotÉ
94%
Forcer recroF
93%
Choral larohC
89%
Papoter retopaP
84%
Biscuit tiucsiB
77%
Montagne engatnoM
68%
Éléphant tnahpélÉ
57%
Aquarelle ellerauqA
39%
Kangourou uoruognaK
27%
Labyrinthe ehtnirybaL
10%
Automobile elibomotuA
6%
Aucun quiz correspondant
Distribution des résultats
% des personnes avec chaque résultat
Percentile par nombre de réponses
Votre historique - résultats
Vous n’avez pas pris ce quiz